000 00931nam a22002417a 4500
999 _c19112
_d19112
003 AR-CdUCM
008 190516b ||||| |||| 00| 0 spa d
040 _aMUNICIPALIDAD PROVINCIAL DEL CUSCO
_cBIBLIOTECA MUNICIPAL DEL CUSCO
041 _heng
082 _a778.573 /
_bST78
100 _aStaples, Donald E.
_940245
245 _aAntología del cine norteamericano /
260 _aBuenos Aires :
_bEdiciones Marymar,
_c1976.
300 _a359 páginas ;
_bláminas,
_c23 cm.
440 _aColección cine.
_940246
505 _aContenido: Perspectiva del cine norteamericano -- Los viajes de Hale -- Las películas de Edison -- Los años de D. W. Griffith -- Lilian Gish -- La visión esquemática de Joseph Von Sternberg ...
650 _aCine
_913177
650 _aEstados Unidos
_91805
650 _aPelículas
_940247
700 _aSetaro, Flora (traducción)
_94175
942 _2ddc
_cLIBROS
945 _aachl
_d2019-05-16